000 01095nam a22003377a 4500
003 CHAP
005 20220817043050.0
008 971010s1983 r 00010 d
010 _a64410
011 _a65382
035 _a72081
040 _cCHAP
090 _aFolleto 10066
100 0 0 _aMoreno Gálvez, Rodolfo.
_978618
245 1 _aObtención de variedades de trigo de temporal zona centro
260 _aChapingo, Méx. :
_bINIA. Campo Agrícola Experimental Valle de México,
_c1983
300 _a36 p.
490 _aFolleto misceláneo
_v; 1
590 _aBATCH-UPD
_b10
_c20130110
_lUCH01
_h1033
590 _aBATCH-UPD
_b10
_c20130410
_lUCH01
_h0635
590 _aBATCH-UPD
_b10
_c20130913
_lUCH01
_h2150
590 _aCONVERSION
_b10
_c20130109
_lUCH01
_h1335
650 1 4 _aAgricultura de temporal.
_91999
650 1 4 _aTrigo
_xMejoramiento.
_9115057
650 1 4 _aTrigo
_xVariedades.
_9115119
700 0 _aAlvarez Baus, Milton Santiago.
_94875
830 0 _aFolleto miscelaneo
_v; 1
901 _aBK
942 _cFOLL
949 _aFolleto 10066
_bBC
_cFOLL
_d-148242
_eTS1
_i72081
_si
999 _c64410
_d64410